Summa Conciliorum Hispanie (Record no. 8444)
[ view plain ]
| 000 -CABECERA | |
|---|---|
| campo de control de longitud fija | 01106nam a2200241 a 4500 |
| 001 - NÚMERO DE CONTROL | |
| campo de control | BRCA_8793 |
| 005 - FECHA Y HORA DE LA ÚLTIMA TRANSACCIÓN | |
| campo de control | 20190320210419.0 |
| 008 - DATOS DE LONGITUD FIJA--INFORMACIÓN GENERAL | |
| campo de control de longitud fija | 190417s1785----sp-#######---#000-0#spa-# |
| 041 ## - CÓDIGO DE LENGUA | |
| Código de lengua del texto/banda sonora o título independiente | lat |
| 044 ## - CÓDIGO DEL PAÍS DE LA ENTIDAD EDITORA/PRODUCTORA | |
| Código MARC del país | spa |
| 084 ## - OTRO NÚMERO DE CLASIFICACIÓN | |
| Número de clasificación | BE173 |
| Número de documento/Ítem | .V55 1785 |
| 100 1# - ENTRADA PRINCIPAL--NOMBRE DE PERSONA | |
| Nombre de persona | Villanuño, Mathie de (O.S.B) |
| 9 (RLIN) | 21922 |
| 245 10 - MENCIÓN DE TÍTULO | |
| Título | Summa Conciliorum Hispanie |
| Resto del título | quotquot inveniri potuerunt ad usque saeculum prosimé praeteritum, epistolarum ad hispanos cum earum delectu, notis novisque dissertattionibus adornata |
| Mención de responsabilidad, etc. | opera et studio P.M.F. Mathie de Villanuño... |
| 260 ## - PUBLICACIÓN, DISTRIBUCIÓN, ETC. | |
| Lugar de publicación, distribución, etc. | Matriti |
| Nombre del editor, distribuidor, etc. | Apub Joachimum Ibarrada, S.C.R.M. Typograph |
| Fecha de publicación, distribución, etc. | 1785 |
| 300 ## - DESCRIPCIÓN FÍSICA | |
| Extensión | VI, 495 p. (t.2) |
| Dimensiones | 20.5 x 15 cm. |
| 500 ## - NOTA GENERAL | |
| Nota general | Superiorum permissu |
| 500 ## - NOTA GENERAL | |
| Nota general | Estado físico: presenta encuadernación en pergamino, con cintas rotas, algunas hojas manchadas y con una firma en el canto superior |
| 650 14 - PUNTO DE ACCESO ADICIONAL DE MATERIA--TÉRMINO DE MATERIA | |
| Término de materia o nombre geográfico como elemento de entrada | Concilios y sínodos |
| Subdivisión general | Historia |
| Subdivisión cronológica | Obras anteriores a 1800 |
| Subdivisión geográfica | España |
| 9 (RLIN) | 21923 |
| 650 14 - PUNTO DE ACCESO ADICIONAL DE MATERIA--TÉRMINO DE MATERIA | |
| Término de materia o nombre geográfico como elemento de entrada | Historia religiosa |
| Subdivisión cronológica | Obras abteriores a 1800 |
| Subdivisión geográfica | España |
| 9 (RLIN) | 21924 |
| 700 1# - PUNTO DE ACCESO ADICIONAL--NOMBRE DE PERSONA | |
| Nombre de persona | Ibarra, Joaquin |
| Fechas asociadas al nombre | 1725 - 1785 |
| Término indicativo de función/relación | Impresor |
| 9 (RLIN) | 21271 |
| 902 ## - CATALOGADOR | |
| Iniciales | CFM |
| 942 ## - ELEMENTOS DE PUNTO DE ACCESO ADICIONAL (KOHA) | |
| Fuente del sistema de clasificación o colocación | Library of Congress Classification |
| Tipo de ítem Koha | Libros |
| Estado de retiro | Estado de pérdida | Estado dañado | No para préstamo | Localización permanente | Ubicación/localización actual | Fecha de adquisición | Total de préstamos | Signatura topográfica completa | Código de barras | Fecha visto por última vez | Precio válido a partir de | Tipo de ítem Koha |
|---|---|---|---|---|---|---|---|---|---|---|---|---|
| El ejemplar forma parte de la colección y puede ser consultado según las políticas vigentes. | Biblioteca del Museo Franz Mayer (Rogerio Casas-Alatriste) | Biblioteca del Museo Franz Mayer (Rogerio Casas-Alatriste) | 19/04/2017 | BE173 .V55 1785 | CFM00120 | 22/03/2019 | 22/03/2019 | Libros |